00485 2200181 4500245004200000020002200042250001100064100001700075700001100092700002000103650002100123005001900144260007600163041001400239084001600253300002500269336000900294 aSuara MenyeramkancRuri IrawatihText a978-602-437-815-8 aCet. 1 aRuri Irawati aWahono aLuh Anik Mayani aCerita Bergambar a20240926123432 aJakartabKementerian Pendidikan, Kebudayaan, Riset, dan Teknologic2019 aIndonesia a741.5 RUR s a27 hlm. :b29,7 cm ; atext